MARC

LEADER 00000nam0a2200000 4500
001 338350
005 20231102005035.0
035 |a (RuTPU)RU\TPU\book\364839 
090 |a 338350 
100 |a 20171123d1963 km y0rusy50 ca 
101 1 |a rus  |c ger 
102 |a RU 
105 |a a z 001zy 
200 1 |a Техника инфракрасного нагрева  |e пер. с нем.   |f Р. Борхерт, В. Юбиц  |g пер. И. Б. Левитин 
210 |a Москва  |a Ленинград  |c Государственное энергетическое изд-во  |d 1963 
215 |a 278 с.  |c ил. 
320 |a Библиогр.: с. 265-278 
606 1 |a Нагрев инфракрасный  |2 stltpush  |3 (RuTPU)RU\TPU\subj\44713  |9 63993 
610 1 |a инфракрасные лучи 
610 1 |a генерирование 
610 1 |a поглощение 
610 1 |a отражение 
610 1 |a облучательные установки 
610 1 |a конструкции 
610 1 |a применение 
675 |a 621.384.3  |v 4 
700 1 |a Борхерт  |b Р. 
701 1 |a Юбиц  |b В. 
702 1 |a Левитин  |b И. Б.  |4 730 
801 1 |a RU  |b 63413507  |c 20171123 
801 2 |a RU  |b 63413507  |c 20220701  |g RCR 
942 |c BK